Cultural Dynamics in a Globalized World : Proceedings of the Asia-Pacific Research in Social Sciences and Humanities, Depok, Indonesia, November 7-9, 2016: Topics in Arts and Humanities.

Bibliographic Details
Main Author: Budianta, Melani.
Other Authors: Budiman, Manneke., Kusno, Abidin., Moriyama, Mikihiro.
Format: eBook
Language:English
Published: Milton : CRC Press LLC, 2017.
Edition:1st ed.
Subjects:
Online Access:Click to View
LEADER 01635nam a22003853i 4500
001 EBC7244961
003 MiAaPQ
005 20231204023228.0
006 m o d |
007 cr cnu||||||||
008 231204s2017 xx o ||||0 eng d
020 |a 9781351846608  |q (electronic bk.) 
020 |z 9781138626645 
035 |a (MiAaPQ)EBC7244961 
035 |a (Au-PeEL)EBL7244961 
035 |a (OCoLC)1378935606 
040 |a MiAaPQ  |b eng  |e rda  |e pn  |c MiAaPQ  |d MiAaPQ 
100 1 |a Budianta, Melani. 
245 1 0 |a Cultural Dynamics in a Globalized World :  |b Proceedings of the Asia-Pacific Research in Social Sciences and Humanities, Depok, Indonesia, November 7-9, 2016: Topics in Arts and Humanities. 
250 |a 1st ed. 
264 1 |a Milton :  |b CRC Press LLC,  |c 2017. 
264 4 |c Ã2018. 
300 |a 1 online resource (945 pages) 
336 |a text  |b txt  |2 rdacontent 
337 |a computer  |b c  |2 rdamedia 
338 |a online resource  |b cr  |2 rdacarrier 
588 |a Description based on publisher supplied metadata and other sources. 
590 |a Electronic reproduction. Ann Arbor, Michigan : ProQuest Ebook Central, 2023. Available via World Wide Web. Access may be limited to ProQuest Ebook Central affiliated libraries.  
655 4 |a Electronic books. 
700 1 |a Budiman, Manneke. 
700 1 |a Kusno, Abidin. 
700 1 |a Moriyama, Mikihiro. 
776 0 8 |i Print version:  |a Budianta, Melani  |t Cultural Dynamics in a Globalized World  |d Milton : CRC Press LLC,c2017  |z 9781138626645 
797 2 |a ProQuest (Firm) 
856 4 0 |u https://ebookcentral.proquest.com/lib/matrademy/detail.action?docID=7244961  |z Click to View